We Don't Need Another Hero Lyrics-Ghost - Statistics

General Stats
  • This quiz has been taken 47 times
  • The average score is 160 of 209
Answer Stats
Answer % Correct
a
100%
another
100%
do
100%
don't
100%
hero
100%
I
100%
need
100%
the
100%
We
100%
we
100%
is
95%
Is
95%
All
89%
all
89%
be
89%
to
89%
when
89%
are
84%
home
84%
know
84%
thunderdome
84%
way
84%
children
79%
of
79%
on
79%
And
74%
and
74%
beyond
74%
from
74%
it
74%
Out
74%
out
74%
want
74%
for
68%
in
68%
life
68%
nothing
68%
ones
68%
say
68%
So
68%
they
68%
can
63%
else
63%
ever
63%
generation
63%
last
63%
left
63%
Or
63%
or
63%
our
63%
under
63%
what
63%
with
63%
behind
58%
fear
58%
Living
58%
remains
58%
there
58%
'til
58%
change
53%
gonna
53%
lives
53%
Love
53%
wonder
53%
day
47%
ruins
47%
something
47%
their
47%
time
47%
Can't
42%
coming
42%
dark
42%
Looking
42%
rely
42%
shine
42%
There's
42%
this
42%
Will
42%
wreckage
42%
better
37%
castles
37%
compassion
37%
gotta
37%
light
37%
like
37%
only
37%
air
32%
end
32%
make
32%
story
32%
we want
32%
built
26%
same
26%
mistake
21%
leave
16%
mark
16%
No matching quizzes found
Score Distribution
Percent of People with Each Score
Percentile by Number Answered
Your Score History
You have not taken this quiz